| 000 | 00764nam a22001577a 4500 | ||
|---|---|---|---|
| 003 | OSt | ||
| 005 | 20150919093605.0 | ||
| 008 | 150919b xxu||||| |||| 00| 0 eng d | ||
| 040 | _cRUA | ||
| 082 | _aAGR PEN 2005 B031 Or.1 | ||
| 100 |
_9822 _aPENH, SOVANNARATH. |
||
| 245 | _aEffect of liquid organic fertilizer on celery cabbage yield under green house condition at the royal university of agriculture ឥទ្ធិពលជីធម្មជាតិទឹកលើដំណាំស្ពៃចង្កឹះក្នុងលក្ខខណ្ឌផ្ទះពីសោធន៍ នៅសាកលវិទ្យាល័យភូមិន្ទកសិកម្ម | ||
| 260 |
_aPhnom Penh _bRUA _c2005 |
||
| 300 |
_axi; 47p. _bill. _c29cm. |
||
| 942 |
_2ddc _cAGR |
||
| 999 |
_c791 _d791 |
||